Die Normalisierung der Beziehungen zwischen der Volksrepublik Polen und der Bundesrepublik Deutschland

Titel: Die Normalisierung der Beziehungen zwischen der Volksrepublik Polen und der Bundesrepublik Deutschland : rechtspolitische Fragen / Ludwik Gelberg
Verfasser:
Ausgabe: 1. Aufl.
Veröffentlicht: Hamburg : Sample, 1977
Umfang: 208 S.
Format: Buch
Sprache: Deutsch
RVK-Notation:
Schlagworte:
ISBN: 3921654041
Buchumschlag
X
alg: 5710270
001A    $00004:08-05-98 
001B    $01999:30-07-17 $t16:00:37.000 
001C    $00026:17-11-14 $t12:26:51.000 
001D    $00026:17-11-14 
001U    $0utf8 
001X    $00 
002@    $0Aau 
003@    $0057102708 
003O    $0256282177 $aOCoLC 
004A    $03-921654-04-1 
006G    $0790217112 
007A    $0057102708 $aHEB 
010@    $ager 
011@    $a1977 
013H    $0z 
021A    $aDie @Normalisierung der Beziehungen zwischen der Volksrepublik Polen und der Bundesrepublik Deutschland $drechtspolitische Fragen $hLudwik Gelberg 
028A    $7108076210 $8Gelberg, Ludwik$Z1908- [Tp1] $9142882852 
032@    $a1. Aufl. 
033A    $pHamburg $nSample 
034D    $a208 S. 
044F    $aDeutsch-polnische Beziehungen / Recht 
044F    $bPolen 
044F    $aOstvertrag 
044K    $RDeutschland $RDeutschland $RDeutschland $RDeutschland $RDeutschland $#Alemanha Deutschland, Bundesrepublik $#Alemania Deutschland, Bundesrepublik $#Allemagne Deutschland, Bundesrepublik $#Almanija Deutschland, Bundesrepublik $#Almāniyā Deutschland, Bundesrepublik $#Bondsrepubliek Duitsland Deutschland, Bundesrepublik $#BRD $#BRD 1949-1990 $#Bundesrepublik Deutschland 1949-1990 $#Deutschland 1949-1990, Bundesrepublik $#Deutschland, Bundesrepublik 1949-1990 $#Federal Republic of Germany Deutschland, Bundesrepublik $#Förbundsrepubliken Tyskland Deutschland, Bundesrepublik $#Förbundsrepublikken Tyskland Deutschland, Bundesrepublik $#FRG $#Germany Deutschland, Bundesrepublik $#Németországi Szövetségi Kőztársaság Deutschland, Bundesrepublik $#Niemiecka Republika Federalna Niemiecka Republika Federalna $#NRF $#Repubblica Federale di Germania Deutschland, Bundesrepublik $#Republic of Germany Deutschland, Bundesrepublik $#República Federal da Alemanha Deutschland, Bundesrepublik $#República Federal de Alemania Deutschland, Bundesrepublik $#Republik Federasi Djerman Deutschland, Bundesrepublik $#Republika Federalna Niemiec Deutschland, Bundesrepublik $#République Fédérale d'Allemagne Deutschland, Bundesrepublik $#RFN $#Saksan Liittotasavalta Deutschland, Bundesrepublik $#Westdeutschland Bundesrepublik, 1949-1990 $74011889-7 $8Deutschland$gBundesrepublik [Tgz] $9085025607 
044K    $RPolitik $RSicherheitspolitik $RInternationale Politik $RDiplomatie $#International relations $#Relations internationales $#Auswärtige Angelegenheiten $#Auswärtige Politik $#Außenbeziehungen Außenpolitik $74003846-4 $8Außenpolitik [Ts1] $9085002038 
044K    $RInternationales Recht $#International law $#Droit international $#Völkerrecht $#Völkerrecht $#Gleichberechtigung der Staaten $#Völkerrecht $#Völkerrechtslehre $74063693-8 $8Völkerrecht [Ts1] $9085178535 
044K    $#Normalisierung $#Normalisierung $74206017-5 $8Normalisierung [Ts1] $9086051660 
044K    $RPolen-Litauen $RKongresspolen $RWestgalizien $RStaat Krakau $#Generalgouvernement Polen $#Polska $#Rzeczpospolita Polska $#Polska Rzeczpospolita Ludowa $#Poland $#Pologne $#République Polonaise $#Generalne Gubernatorstwo w Polsce $#Polish People's Republic $#Polska Rzeczpospolita Polen $#PRL $#RP $#Polen Generalgouvernement $#Polska Generalgouvernement $#Besetzte Polnische Gebiete $#Besetztes Gebiet in Polen $#Okupowane Polskie Obszary $#Obszary Okupowane w Polsce $#Volksrepublik Polen $#Polska Rosyjska $#Republic Polen $#Respublika Pol'ša $#Pol'skaja Narodnaja Respublika $#République de Pologne $#Polen Links der Weichsel $#Polska po Lewej Stronie Wisły $#Lenkija $#Polija $#Gubernija Carstva Pol'skago $#Republik Polen $74046496-9 $8Polen [Tg1] $9085129801 
045E    $b04a $b06a 
045Z    $8ML 2050 [Tkv] $9410828076 
045Z    $8PR 2657 [Tkv] $9411108573 
046M    $aLiteraturverz. S. 205 - 208 

lok: 5710270 25

exp: 5710270 25 1 #EPN
201B/01 $019-12-02 $t11:03:29.367 
201C/01 $029-07-02 
203@/01 $0173292364 
208@/01 $a29-07-02 $br 
209A/01 $a073.351 $du $f000 $x00 
209C/01 $a79/2248-1 
209G/01 $a10733511 $x00 
209G/01 $aFREIHAND $x01 
247C/01 $8651000-0 <77>Mainz, Universität Mainz, Zentralbibliothek $9102599602 
201U/01 $0utf8 

lok: 5710270 66

exp: 5710270 66 1 #EPN
201B/01 $016-10-09 $t19:36:33.000 
201U/01 $0utf8 
203@/01 $0583011179 
208@/01 $a15-10-09 $br 
209A/01 $aWB Gelb/N $du $f000 $x00 
209C/01 $a97/c290G 
244Z/01 $apolnisch-deutsche Beziehungen $x01 
247C/01 $8618123-5 Darmstadt, Bibliothek des Deutschen Polen-Instituts $9102600902 

lok: 5710270 78

exp: 5710270 78 1 #EPN
201B/01 $030-01-19 $t15:50:29.000 
201C/01 $030-01-19 
201U/01 $0utf8 
203@/01 $01042429235 
208@/01 $a30-01-19 $bdo 
209A/01 $a/ $f000 $x00 
209A/01 $ab*p $x01 
220C/01 $apgar 
244Z/01 $#Generalgouvernement Polen $#Polska $#Rzeczpospolita Polska $#Polska Rzeczpospolita Ludowa $#Poland $#Pologne $#République Polonaise $#Generalne Gubernatorstwo w Polsce $#Polish People's Republic $#Polska Rzeczpospolita Polen $#PRL $#RP $#Polen Generalgouvernement $#Polska Generalgouvernement $#Besetzte Polnische Gebiete $#Besetztes Gebiet in Polen $#Okupowane Polskie Obszary $#Obszary Okupowane w Polsce $#Volksrepublik Polen $#Polska Rosyjska $#Republic Polen $#Respublika Pol'ša $#Pol'skaja Narodnaja Respublika $#République de Pologne $#Polen Links der Weichsel $#Polska po Lewej Stronie Wisły $#Lenkija $#Polija $#Gubernija Carstva Pol'skago $#Republik Polen $74046496-9 $8--Tg1--Polen $x01 $9085129801 
247C/01 $82080>Marburg/Lahn, Herder-Institut, Forschungsbibliothek, Bibliographieportal $9336309341 

lok: 5710270 204

exp: 5710270 204 1 #EPN
201B/01 $019-11-14 $t14:09:44.000 
201C/01 $017-11-14 
201U/01 $0utf8 
203@/01 $074423848X 
208@/01 $a19-11-14 $bzUB 
209A/01 $a22.421.84 $du $f000 $h22 421 84 $x00 
209G/01 $a22421840 $x00 
245S/01 $a04000 $x01 
247C/01 $8631000-x <26>Gießen, Universität Gießen, Universitätsbibliothek Gießen $9102596697 

lok: 5710270 205

exp: 5710270 205 1 #EPN
201B/01 $006-03-26 $t18:53:43.000 
201C/01 $008-05-98 
201U/01 $0utf8 
203@/01 $012134780X 
208@/01 $a21-12-16 $br 
209A/01 $aKM 51526 $db $f301 $x00 
209B/01 $a97 $x05 
209C/01 $aVR 8013 
209G/01 $a64482947 $x00 
247C/01 $8351301-4 <4/301>Marburg, Universität Marburg, Bibliothek Rechtswissenschaften, Juristisches Seminar $9102595119
LEADER 00000cam a2200000 c 4500
001 057102708
003 DE-603
005 20170730160037.0
007 tu
008 980508s1977 xx |||| | u00||u|ger
016 7 |2 DE-101  |a 790217112 
020 |a 3921654041 
035 |a (DE-599)HEB057102708 
035 |a (OCoLC)256282177 
040 |a DE-603  |b ger  |c DE-603  |d DE-603 
041 |a ger 
084 |a 04a  |a 06a  |q DE-101  |2 sdnb 
084 |a ML 2050  |0 (DE-625)123147:  |0 (DE-603)410828076  |2 rvk 
084 |a PR 2657  |0 (DE-625)139667:  |0 (DE-603)411108573  |2 rvk 
100 1 |a Gelberg, Ludwik  |d 1908-  |0 (DE-603)142882852  |0 (DE-588)108076210  |2 gnd 
245 0 0 |a ˜Dieœ Normalisierung der Beziehungen zwischen der Volksrepublik Polen und der Bundesrepublik Deutschland  |b rechtspolitische Fragen  |c Ludwik Gelberg 
250 |a 1. Aufl. 
264 1 |a Hamburg  |b Sample  |c 1977 
300 |a 208 S. 
504 |a Literaturverz. S. 205 - 208 
650 7 |a Außenpolitik  |0 (DE-588)4003846-4  |0 (DE-603)085002038  |2 gnd 
650 7 |a Völkerrecht  |0 (DE-588)4063693-8  |0 (DE-603)085178535  |2 gnd 
650 7 |a Normalisierung  |0 (DE-588)4206017-5  |0 (DE-603)086051660  |2 gnd 
650 7 |a Deutsch-polnische Beziehungen / Recht  |2 local 
650 7 |a Ostvertrag  |2 local 
651 7 |a Deutschland  |g Bundesrepublik  |0 (DE-588)4011889-7  |0 (DE-603)085025607  |2 gnd 
651 7 |a Polen  |0 (DE-588)4046496-9  |0 (DE-603)085129801  |2 gnd 
651 7 |a Polen  |2 local 
924 0 |9 77  |a (DE-603)173292364  |b DE-77  |c HES  |d c  |g 073.351  |h FREIHAND 
924 0 |9 Ds 123  |a (DE-603)583011179  |b DE-Ds123  |c HES  |d d  |g WB Gelb/N 
924 0 |9 2080  |a (DE-603)1042429235  |b DE-2080  |c HES  |d d  |g / 
924 0 |9 26  |a (DE-603)74423848X  |b DE-26  |c HES  |d c  |g 22.421.84 
924 0 |9 4/301  |a (DE-603)12134780X  |b DE-4-301  |c HES  |d d  |g KM 51526